| 000 | 00695nam a22002057a 4500 | ||
|---|---|---|---|
| 020 | _a9690100661 | ||
| 082 |
_a620.11 _bSID _cL-18, P-66 |
||
| 100 |
_aKhalid Hassan Siddiqui _913209 |
||
| 245 |
_aEngineering Materials for Highways and Buildings _cKhalid Hassan Siddiqui |
||
| 260 |
_aLahore _bFerozsons Pvt Ltd _c1991 |
||
| 300 |
_axv, 502 p. : _bill, ; _c20 cm. |
||
| 526 |
_a0 _b0 _c0 _d620_110000000000000_SID |
||
| 526 |
_a0 _b0 _c0 _d620_110000000000000_SID |
||
| 526 |
_a0 _b0 _c0 _d620_110000000000000_SID |
||
| 526 |
_a0 _b0 _c0 _d620_110000000000000_SID |
||
| 526 |
_a0 _b0 _c0 _d620_110000000000000_SID |
||
| 526 |
_a0 _b0 _c0 _d625_700000000000000_SID |
||
| 650 |
_aMCE _9379 |
||
| 942 |
_2ddc _cBK |
||
| 999 |
_c544976 _d544976 |
||